Normal view
MARC view
- India
Entry Geographic Name
001 - CONTROL NUMBER
- control field: 5179
003 - CONTROL NUMBER IDENTIFIER
- control field: NUST
005 - DATE AND TIME OF LATEST TRANSACTION
- control field: 20171004105407.0
008 - FIXED-LENGTH DATA ELEMENTS
- fixed length control field: 171004|| aca||aabn | a|a d
040 ## - CATALOGING SOURCE
- Original cataloging agency: NUST
- Transcribing agency: NUST
151 ## - HEADING--GEOGRAPHIC NAME
- Geographic name: India
- General subdivision: Economic conditions
- Chronological subdivision: 1947-
670 ## - SOURCE DATA FOUND
- Source citation: Work cat.: (NUST)0: Khalidi, Omar. 5176, Indian Muslims since independence /, 1995.
